000 00825nam a2200301Ia 4500
001 25432
003 IT-RoPAU
008 130308s9999 xx 000 0 und d
040 _aIT-RoPAU
040 _cIT-RoPAU
041 _aFRANCESE
100 _aRamat Paolo
100 _gCodice Aut. SPICS: 3645
245 _aChamp morphosemantique des verbes modaux en Allemand (Le)
245 _bSemantique et Logique
250 _a1a ed.
260 _aPARIS
260 _bDelarge Jean Pierre
260 _c1976 [1° Ed.:1976 - Ed.Ling.Originale:1976]
300 _a"12 p. (prefazione: no ; testo: 12 [pagine: 271-282])"
500 _aCampo Morfosemantico dei Verbi Modali in Tedesco
650 _aSEMIOLOGIA
650 _eCodice materia Spics: 3251
942 _cBK
957 _71
999 _c40561
_d40561
999 _bSI
999 _g1